000 00317nam a22001457a 4500
008 221130b ||||| |||| 00| 0 eng d
020 _a9781935476535
041 _aeng
080 _a610.73
082 _a610.73THO
100 _a8
101 _aINF
245 _aTHE POWER OF TEN
_cTHOMPSON E P
942 _2udc
_cBK
999 _c59052
_d59052